[Event "Kuala Lumpur op 8th"]
[Site "Kuala Lumpur"]
[Date "2011.08.22"]
[Round "6"]
[White "Narayanan, Renitha"]
[Black "Cai, Jiaying"]
[Result "1-0"]
[WhiteElo "1717"]
[BlackElo "2094"]
[PlyCount "87"]
[EventDate "2011.08.18"]
[EventType "swiss"]
[EventRounds "9"]
[EventCountry "MAS"]
[SourceTitle "CBM 144 Extra"]
[Source "ChessBase"]
[SourceDate "2011.10.28"]
[SourceVersion "1"]
[SourceVersionDate "2011.10.28"]
[SourceQuality "1"]

1. d4 d5 2. c4 c6 3. cxd5 cxd5 4. Nc3 Nf6 5. Nf3 Nc6 6. Bg5 Ne4 7. Bf4 Nxc3 8. bxc3 g6 9. e3 Bg7 10. Bd3 0-0 11. 0-0 Kh8 12. h3 f6 13. Bg3 e5 14. Nd2 Be6 15. Rb1 Qe7 16. Qb3 b6 17. f4 exd4 18. exd4 Na5 19. Qb2 Qd7 20. Rbe1 Bf5 21. Qc2 Bxd3 22. Qxd3 Rac8 23. Rf3 Rfe8 24. Rfe3 Bh6 25. Qe2 Rxe3 26. Qxe3 Bf8 27. Bh4 Rc6 28. Kh1 Kg7 29. Re2 Kf7 30. Qd3 Re6 31. Bg3 Rxe2 32. Qxe2 Bd6 33. Qe3 Qa4 34. Nf3 Qd1+ 35. Kh2 Nc4 36. Qf2 Qc1 37. Ne5+ Kg7 38. Nxc4 dxc4 39. Qf3 Kh6 40. a4 Qd2 41. h4 f5 42. h5 Bc7 43. hxg6 hxg6 44. Qa8 1-0

[Event "Kuala Lumpur op 8th"]
[Site "Kuala Lumpur"]
[Date "2011.08.18"]
[Round "2"]
[White "Narayanan, Renitha"]
[Black "Gibbons, Robert"]
[Result "1/2-1/2"]
[WhiteElo "1717"]
[BlackElo "2034"]
[PlyCount "41"]
[EventDate "2011.08.18"]
[EventType "swiss"]
[EventRounds "9"]
[EventCountry "MAS"]
[SourceTitle "CBM 144 Extra"]
[Source "ChessBase"]
[SourceDate "2011.10.28"]
[SourceVersion "1"]
[SourceVersionDate "2011.10.28"]
[SourceQuality "1"]

1. d4 Nf6 2. Nf3 d5 3. c4 c6 4. cxd5 cxd5 5. Nc3 e6 6. Bg5 Be7 7. e3 Nc6 8. Bd3 0-0 9. 0-0 h6 10. Bh4 Bd7 11. Rc1 Rc8 12. Qe2 Re8 13. Rfd1 Qb6 14. a3 Qb3 15. Bc2 Qb6 16. Bd3 Kf8 17. Na4 Qd8 18. Nc5 b6 19. Nb3 Ng8 20. Bg3 Nb8 21. Rxc8 1/2-1/2